Sinh học cơ thể Thực vật và động vật. Dùng cho sinh viên Cao đẳng, Đại học chuyên ngành Sinh học, công nghệ Sinh học, Nông - Lâm - Ngư nghiệp và giáo viên SInh học phổ thông

Uloženo v:
Podrobná bibliografie
Hlavní autor: Nguyễn, Như Hiền
Další autoři: Vũ, Xuân Dũng
Médium: Kniha
Vydáno: Hà Nội Giáo dục 2009
Vydání:Tái bản lần thứ nhất
Témata:
Tagy: Přidat tag
Žádné tagy, Buďte první, kdo otaguje tento záznam!
Thư viện lưu trữ: Trung tâm Học liệu Lê Vũ Hùng, Trường Đại học Đồng Tháp
LEADER 01415pam a22003738a 4500
001 00033290
005 20171026081025.0
008 150603s2009 ||||||Viesd
020 |c 28500 
041 0 # |a Vie 
082 1 4 |a 571  |b S312H 
100 1 # |a Nguyễn, Như Hiền 
245 0 0 |a Sinh học cơ thể  |c Nguyễn Như Hiền, Vũ Xuân Dũng  |b Thực vật và động vật. Dùng cho sinh viên Cao đẳng, Đại học chuyên ngành Sinh học, công nghệ Sinh học, Nông - Lâm - Ngư nghiệp và giáo viên SInh học phổ thông 
250 # # |a Tái bản lần thứ nhất 
260 # # |a Hà Nội  |b Giáo dục  |c 2009 
300 # # |a 243 tr.  |c 24 cm. 
504 # # |a Thư mục: tr. 243 
653 # # |a Phát triển 
653 # # |a Giáo trình 
653 # # |a Cơ thể 
653 # # |a Sinh học 
653 # # |a Động vật 
653 # # |a Thực vật 
653 # # |a Sinh trưởng 
700 1 # |a Vũ, Xuân Dũng 
852 # # |b Kho giáo trình  |j KGT.0049051, KGT.0049052, KGT.0049053, KGT.0049054 
852 # # |j KD.0016694  |j KGT.0049051  |j KGT.0049053  |j KGT.0049054  |j KGT.0049052 
852 # # |b Kho đọc  |j KD.0016694 
852 # # |b Kho mượn  |j KGT.0049051 
910 0 # |a kchi  |d 3/6/2015 
980 # # |a Trung tâm Học liệu Lê Vũ Hùng, Trường Đại học Đồng Tháp